| 000 | 00704nam a22002292 4500 | ||
|---|---|---|---|
| 001 | 0000013168 | ||
| 005 | 20151217145901.0 | ||
| 008 | 090614s xx 000 0 eng d | ||
| 020 | _a0387236813 : | ||
| 040 |
_aKABU _cKABU |
||
| 100 | 1 |
_aWeinstein, Stephen. _@0000170302 |
|
| 245 | 1 | 4 |
_aThe Multimedia internet / _cStephen Weinstein. |
| 250 | _a1st ed. | ||
| 260 |
_aNew York : _bSpringer Science, _c2005. |
||
| 300 | _axiv, 383 p. | ||
| 650 | 0 |
_aMultimedia systems. _@0000148337 |
|
| 650 | 0 |
_aInternet. _@0000000969 |
|
| 852 | 1 | _9p5200 KES | |
| 852 | 1 | _9p4939 KES | |
| 908 | _a090614 | ||
| 950 | _@1 | ||
| 999 |
_c3686 _d3686 |
||